| 000 | 00972nmm a2200301 a 4500 | ||
|---|---|---|---|
| 001 | ocm000782512 | ||
| 003 | TR-IsHL | ||
| 005 | 20201028123501.0 | ||
| 008 | 130902s2010 tu tur | ||
| 007 | cr cn | ||
| 020 | _a9786054429134 | ||
| 035 |
_a782512 _b(N$T) |
||
| 050 | 0 | 4 |
_aPS1305.T9 _bP7 2010 |
| 090 | 0 | 4 |
_aPS1305.T9 _bP7 2010 |
| 100 | 1 | _aTwain, Mark | |
| 245 | 1 | 0 |
_aPrens ile dilenci _h[electronic resource] / _cMark Twain ; metin Corey Finkie ; çiz. Manish Singh ; çev. Bahar Oyal |
| 260 |
_aİstanbul : _bArunas Yayıncılık, _c2010 |
||
| 300 | _a72 p. | ||
| 650 | 4 | _aDil ve Edebiyat | |
| 650 | 4 | _aLanguage and Literature | |
| 650 | 0 | _aAmerikan romanı | |
| 650 | 0 | _aAmerican fiction | |
| 650 | 7 |
_aLITERARY COLLECTIONS / American / General _2bisacsh |
|
| 700 | 1 | _aFinkie, Corey | |
| 700 | 1 | _aSingh, Manish | |
| 700 | 1 | _aOyal, Bahar | |
| 856 | 4 | 0 | _uhttp://search.ebscohost.com/login.aspx?direct=true&scope=site&db=e011xww&AN=782512 |
| 999 |
_c2432 _d2432 |
||